[Event "XXVII. Rhein-Main-Open, Gruppe A"]
[Site "Bad Homburg vor der Höhe"]
[Date "2025.06.21"]
[Round "6.1"]
[White "Haack, Kevin"]
[Black "Hagner, Bennet"]
[Result "0-1"]
[WhiteElo "2390"]
[BlackElo "2431"]
[PlyCount "130"]
[GameId "535116227249"]
[EventDate "2025.06.18"]
[WhiteTeam "SV 1920 Hofheim"]
[BlackTeam "OSG Baden-Baden"]

1. c4 Nf6 2. Nc3 c6 3. Nf3 d5 4. cxd5 cxd5 5. d4 Nc6 6. e3 g6 7. Ne5 Bg7 8. Bb5 Bd7 9. Qa4 Qc7 10. Nxd7 Qxd7 11. O-O O-O 12. Bd2 Rfc8 13. Rfc1 h5 14. Qd1 Rc7 15. Be2 Rd8 16. Be1 Ne4 17. Qc2 Nxc3 18. Bxc3 Rdc8 19. Qd2 e6 20. b4 Ne7 21. b5 Nf5 22. Bb4 Bf8 23. Bxf8 Kxf8 24. Bd3 Nd6 25. Rxc7 Qxc7 26. Qb4 Ke7 27. Rd1 Qc3 28. Qa4 Rc7 29. h4 b6 30. g3 Kf6 31. Kg2 Ke7 32. Bf1 Qc2 33. Qxc2 Rxc2 34. Bd3 Rxa2 35. Rb1 Ra3 36. Bf1 Ra2 37. Bd3 Ne4 38. Rf1 Kd6 39. Kg1 Ra3 40. Rd1 Ra2 41. Rf1 Kc7 42. Rc1+ Kb7 43. Bxe4 dxe4 44. d5 Rb2 45. dxe6 Rxb5 46. exf7 Rf5 47. Rc4 Rxf7 48. Rxe4 a5 49. Kf1 b5 50. Ke2 a4 51. Rd4 a3 52. Rd3 b4 53. Rd4 a2 54. Rxb4+ Ka8 55. Ra4+ Ra7 56. Rxa2 Rxa2+ 57. Kf3 Kb7 58. Kf4 Ra5 59. e4 Kc6 60. e5 Kd5 61. Kg5 Kxe5 62. Kxg6 Ke4 63. f4 Rb5 64. Kf6 Kf3 65. f5 Kg4 0-1

[Event "XXVII. Rhein-Main-Open, Gruppe A"]
[Site "Bad Homburg vor der Höhe"]
[Date "2025.06.21"]
[Round "6.2"]
[White "Neukirchner, Pascal"]
[Black "Poetsch, Hagen"]
[Result "1-0"]
[WhiteElo "2279"]
[BlackElo "2490"]
[PlyCount "79"]
[GameId "535116227250"]
[EventDate "2025.06.18"]
[WhiteTeam "SK Gründau"]
[BlackTeam "SC Heusenstamm"]

1. d4 Nf6 2. c4 e6 3. g3 d5 4. Bg2 dxc4 5. Nf3 c6 6. O-O b5 7. Ne5 Bb7 8. a4 a6 9. b3 cxb3 10. Bb2 Nbd7 11. Nd2 Nxe5 12. dxe5 Nd7 13. Ne4 Nc5 14. Nd6+ Bxd6 15. exd6 Nxa4 16. Bxg7 Rg8 17. Be5 Nc5 18. Qb1 a5 19. Qxh7 Rg6 20. Rac1 Nd7 21. Qh8+ Nf8 22. Rxc6 f6 23. Rc7 Bxg2 24. Re7+ Qxe7 25. dxe7 Kxe7 26. Kxg2 fxe5 27. Qxe5 Nd7 28. Qxb5 a4 29. Rd1 Ra7 30. Rxd7+ Rxd7 31. Qxa4 Rg5 32. Qxb3 Rgd5 33. f3 Rd2 34. Kf2 Kf7 35. h4 Rc7 36. g4 Rcc2 37. Qe3 Rxe2+ 38. Qxe2 Rxe2+ 39. Kxe2 e5 40. Ke3 1-0

[Event "XXVII. Rhein-Main-Open, Gruppe A"]
[Site "Bad Homburg vor der Höhe"]
[Date "2025.06.21"]
[Round "6.3"]
[White "Schmid, Roland"]
[Black "Nothnagel, Marian Can"]
[Result "0-1"]
[WhiteElo "2193"]
[BlackElo "2434"]
[PlyCount "182"]
[GameId "535116227251"]
[EventDate "2025.06.18"]
[WhiteTeam "SG Post/Süd Regensburg"]
[BlackTeam "SK Bickenbach"]

1. c4 Nf6 2. Nc3 g6 3. e4 d6 4. d4 Bg7 5. Be2 O-O 6. Bg5 h6 7. Be3 c5 8. d5 e6 9. Qd2 exd5 10. exd5 Kh7 11. h3 b5 12. cxb5 Nbd7 13. Rc1 Bb7 14. b3 Qa5 15. Rc2 Nb6 16. Bf3 a6 17. bxa6 Rxa6 18. Nge2 Nfxd5 19. Bxd5 Nxd5 20. Nxd5 Bxd5 21. O-O Be6 22. Qxa5 Rxa5 23. Rd1 Rfa8 24. Nc3 Be5 25. f4 Bxc3 26. Rxc3 R8a6 27. Rc2 h5 28. Bf2 Kg7 29. Be1 Rb5 30. Bc3+ Kf8 31. Bf6 Ke8 32. Kf2 Kd7 33. Kf3 Rba5 34. g4 hxg4+ 35. hxg4 Rxa2 36. Rxc5 R2a3 37. Rc3 Rxb3 38. Rxb3 Bxb3 39. Rd3 Be6 40. Bd4 Bc4 41. Re3 f5 42. gxf5 gxf5 43. Rc3 Bd5+ 44. Ke3 Ra4 45. Rc2 Ke6 46. Rd2 Be4 47. Kf2 Ra3 48. Be3 Bd3 49. Rb2 Kd5 50. Kf3 Kc4 51. Rb6 Be4+ 52. Ke2 Ra2+ 53. Bd2 Kc5 54. Rb8 Bc6 55. Rf8 Bb5+ 56. Ke3 Ra3+ 57. Kf2 Bd7 58. Be3+ Kd5 59. Kf3 Ke6 60. Rb8 Bc6+ 61. Ke2 Bd5 62. Re8+ Kd7 63. Rf8 Bc4+ 64. Kf2 Ra2+ 65. Kg3 Bd3 66. Rf7+ Ke6 67. Ra7 Rc2 68. Ra3 Be4 69. Bf2 Rd2 70. Rb3 Kd5 71. Ra3 Kc4 72. Ra4+ Kd5 73. Ra3 Rb2 74. Rc3 Ra2 75. Re3 Kc4 76. Re1 d5 77. Rc1+ Bc2 78. Kf3 d4 79. Ke2 Kd5 80. Be1 Ke4 81. Bd2 Bd3+ 82. Ke1 Kf3 83. Rc5 Be4 84. Rc4 Ra8 85. Bc1 d3 86. Rc7 Rh8 87. Rg7 Rh1+ 88. Kd2 Kxf4 89. Rg8 Kf3 90. Rg7 Rh2+ 91. Kd1 Bd5 0-1

[Event "XXVII. Rhein-Main-Open, Gruppe A"]
[Site "Bad Homburg vor der Höhe"]
[Date "2025.06.21"]
[Round "6.4"]
[White "Tiarks, Jann-Christian"]
[Black "Lesny, Florian"]
[Result "0-1"]
[WhiteElo "2228"]
[BlackElo "2230"]
[PlyCount "44"]
[GameId "535116227252"]
[EventDate "2025.06.18"]
[WhiteTeam "SG 1871 Löberitz"]
[BlackTeam "SF Hünstetten"]

1. e4 c5 2. Nf3 d6 3. d4 cxd4 4. Nxd4 Nf6 5. Nc3 a6 6. Bg5 e6 7. f4 h6 8. Bh4 Qb6 9. a3 Nbd7 10. Bf2 Qc7 11. Qf3 b5 12. O-O-O Bb7 13. g4 Nc5 14. Bd3 d5 15. e5 Nfe4 16. Bxe4 Nxe4 17. Be1 Rc8 18. Nce2 Be7 19. h4 a5 20. Qb3 b4 21. Qa4+ Kf8 22. Rh3 Nc5 0-1

[Event "XXVII. Rhein-Main-Open, Gruppe A"]
[Site "Bad Homburg vor der Höhe"]
[Date "2025.06.21"]
[Round "6.5"]
[White "Krause, Jonah"]
[Black "Akhmatovski, Maxim"]
[Result "0-1"]
[WhiteElo "2361"]
[BlackElo "2108"]
[PlyCount "54"]
[GameId "535116227253"]
[EventDate "2025.06.18"]
[WhiteTeam "FC ST.Pauli 1910 eV SAbt"]
[BlackTeam "SV Oberursel"]

1. d4 Nf6 2. c4 e6 3. Nf3 Bb4+ 4. Bd2 Qe7 5. e3 b6 6. Bd3 Bb7 7. Nc3 O-O 8. O-O d6 9. a3 Bxc3 10. Bxc3 Ne4 11. Be1 Nd7 12. Nd2 f5 13. f3 Nxd2 14. Bxd2 e5 15. Bc2 Rae8 16. Re1 Qh4 17. d5 Rf6 18. f4 Rh6 19. h3 Rf8 20. Qf3 Rg6 21. Kh2 e4 22. Qf1 Nf6 23. Bd1 Qg3+ 24. Kh1 Rh6 25. Re2 Ng4 26. Qg1 Rff6 27. Bc2 Rfg6 0-1

[Event "XXVII. Rhein-Main-Open, Gruppe A"]
[Site "Bad Homburg vor der Höhe"]
[Date "2025.06.21"]
[Round "6.6"]
[White "Milov, Leonid"]
[Black "Musiienko, Platon"]
[Result "1-0"]
[WhiteElo "2404"]
[BlackElo "2018"]
[PlyCount "69"]
[GameId "535116227254"]
[EventDate "2025.06.18"]
[WhiteTeam "SC Noris-Tarrasch Nürnberg 1873"]
[BlackTeam "Wiesbadener SV 1885"]

1. c4 e6 2. g3 d5 3. Bg2 Nf6 4. Nf3 dxc4 5. Qa4+ Bd7 6. Qxc4 c5 7. Ne5 Qc8 8. Qd3 Nc6 9. Nxd7 Qxd7 10. Qxd7+ Kxd7 11. b3 Be7 12. Bb2 h5 13. Na3 h4 14. Nc4 hxg3 15. fxg3 Raf8 16. O-O b5 17. Bxc6+ Kxc6 18. Ne5+ Kb7 19. a4 b4 20. Kg2 Bd6 21. Nc4 Be7 22. h3 Rh5 23. g4 Rd5 24. d3 Ne8 25. Rad1 g6 26. e4 Rd8 27. d4 cxd4 28. Bxd4 Bc5 29. Bxc5 Rxd1 30. Rxd1 Rh8 31. Bxb4 Nf6 32. Nd6+ Kc6 33. Nxf7 Rb8 34. Rd4 Kc7 35. Ba5+ 1-0

[Event "XXVII. Rhein-Main-Open, Gruppe A"]
[Site "Bad Homburg vor der Höhe"]
[Date "2025.06.21"]
[Round "6.7"]
[White "Erdmann, Stefan"]
[Black "Sydykov, Bayastan"]
[Result "0-1"]
[WhiteElo "2117"]
[BlackElo "2301"]
[PlyCount "108"]
[GameId "535116227255"]
[EventDate "2025.06.18"]
[WhiteTeam "SK Bad Homburg 1927"]
[BlackTeam "SK 1858 Gießen"]

1. d4 Nf6 2. c4 e6 3. g3 d5 4. Nf3 Be7 5. Bg2 O-O 6. O-O a5 7. Nbd2 b6 8. Ne5 Bb7 9. Qc2 c5 10. dxc5 bxc5 11. cxd5 exd5 12. b3 Re8 13. Bb2 Qc7 14. Rac1 Bd6 15. Nd3 Nbd7 16. e3 Rac8 17. Rfd1 Ba6 18. Nf4 Bb7 19. Qf5 g6 20. Qg5 Be5 21. Ba3 d4 22. Nf3 Ne4 23. Qh4 Nc3 24. Ng5 h5 25. exd4 Bxd4 26. Rd2 Bxg2 27. Kxg2 Qb7+ 28. Kg1 Ne5 29. Nxh5 gxh5 30. Qxh5 f6 31. Rdc2 fxg5 32. Qxg5+ Qg7 33. Qxg7+ Kxg7 34. Rxc3 Bxc3 35. Rxc3 c4 36. f4 cxb3 37. Rxb3 Nc4 38. Rb7+ Kg6 39. Be7 Rb8 40. Rc7 Rb1+ 41. Kg2 Ne3+ 42. Kf3 Nd5 43. Rc6+ Kf7 44. Bg5 Rf1+ 45. Kg4 Rf2 46. h4 Ne3+ 47. Kh5 Rh8+ 48. Bh6 Nf5 49. Rc7+ Ke6 50. Rc6+ Kd5 51. Ra6 Rxa2 52. g4 Rxh6+ 53. Rxh6 Nxh6 54. Kxh6 Rg2 0-1

[Event "XXVII. Rhein-Main-Open, Gruppe A"]
[Site "Bad Homburg vor der Höhe"]
[Date "2025.06.21"]
[Round "6.8"]
[White "Solonar, Stefan"]
[Black "Reschke, Thomas"]
[Result "1-0"]
[WhiteElo "2265"]
[BlackElo "2067"]
[PlyCount "53"]
[GameId "535116227256"]
[EventDate "2025.06.18"]
[WhiteTeam "SC Heusenstamm"]
[BlackTeam "SC Frankfurt-West"]

1. c4 g6 2. e4 Bg7 3. d4 d6 4. Nf3 Bg4 5. Be2 Nc6 6. d5 Bxf3 7. Bxf3 Nd4 8. Nc3 c5 9. Bg4 e5 10. dxe6 fxe6 11. Be3 e5 12. Qa4+ Kf8 13. O-O Bh6 14. Nd5 Kg7 15. f4 Ne7 16. Bxd4 exd4 17. Be6 Rf8 18. g3 b6 19. Qa6 Kh8 20. Qb7 Ng8 21. Rae1 Bg7 22. e5 dxe5 23. Bxg8 Kxg8 24. fxe5 Rxf1+ 25. Rxf1 Bxe5 26. Ne7+ Kh8 27. Nc6 1-0

[Event "XXVII. Rhein-Main-Open, Gruppe A"]
[Site "Bad Homburg vor der Höhe"]
[Date "2025.06.21"]
[Round "6.9"]
[White "Stork, Christopher"]
[Black "Özdemir, Ali Özden"]
[Result "1/2-1/2"]
[WhiteElo "2132"]
[BlackElo "2066"]
[PlyCount "66"]
[GameId "535116227257"]
[EventDate "2025.06.18"]
[WhiteTeam "SV Oberursel"]
[BlackTeam "SK Langen"]

1. e4 c5 2. d4 cxd4 3. Qxd4 Nc6 4. Qd3 g6 5. Nf3 Bg7 6. Nc3 Nf6 7. Be2 a6 8. O-O O-O 9. Nd5 d6 10. c3 Bg4 11. Rd1 Rc8 12. Bg5 Nxd5 13. exd5 Na5 14. Qe4 Bxf3 15. Bxf3 Re8 16. Rab1 Nc4 17. Be2 b5 18. a4 h6 19. Bc1 e6 20. Bf1 exd5 21. Qxd5 Rc5 22. Qb7 Qc8 23. Qxc8 Rexc8 24. b3 Ne5 25. axb5 axb5 26. Rxd6 Rxc3 27. Bd2 Bf8 28. Bxc3 Bxd6 29. Bxe5 Bxe5 30. Bxb5 Rc2 31. Rd1 Bc7 32. Bc4 Bb6 33. Rf1 Kg7 1/2-1/2

[Event "XXVII. Rhein-Main-Open, Gruppe A"]
[Site "Bad Homburg vor der Höhe"]
[Date "2025.06.21"]
[Round "6.10"]
[White "Musiienko, Tymur"]
[Black "Bezsonna, Polina"]
[Result "1-0"]
[WhiteElo "2115"]
[BlackElo "1972"]
[PlyCount "83"]
[GameId "535116227258"]
[EventDate "2025.06.18"]
[WhiteTeam "Wiesbadener SV 1885"]
[BlackTeam "SK Bad Homburg 1927"]

1. e4 c5 2. Nf3 g6 3. c4 Nc6 4. d4 cxd4 5. Nxd4 Nf6 6. Nc3 d6 7. Be2 Nxd4 8. Qxd4 Bg7 9. Be3 O-O 10. Qd2 Qa5 11. O-O Be6 12. Rac1 Rfc8 13. b3 a6 14. f3 Nd7 15. f4 Nc5 16. Bf3 Rab8 17. Bd4 f6 18. Rb1 Nd7 19. a4 Bf7 20. Rfd1 f5 21. Bxg7 Kxg7 22. Kh1 Nf6 23. exf5 Qxf5 24. Re1 Rc7 25. h3 h5 26. Rbd1 Qc5 27. Re2 Rd8 28. Rde1 e6 29. Qb2 Kg8 30. Nb5 axb5 31. Qxf6 Rdc8 32. axb5 Qf5 33. Qd4 Qc5 34. Qxc5 dxc5 35. Rd1 Kf8 36. Ra2 Ke7 37. b6 Rc6 38. Bxc6 Rxc6 39. Ra5 Rxb6 40. Rxc5 Rxb3 41. Rc7+ Kf6 42. Rd8 1-0

[Event "XXVII. Rhein-Main-Open, Gruppe A"]
[Site "Bad Homburg vor der Höhe"]
[Date "2025.06.21"]
[Round "6.11"]
[White "Bollmann, Henrik"]
[Black "Wolf, Ulrich Martin"]
[Result "1-0"]
[WhiteElo "2109"]
[BlackElo "2152"]
[PlyCount "219"]
[GameId "535116227259"]
[EventDate "2025.06.18"]
[WhiteTeam "SC Bad Nauheim"]
[BlackTeam "SK Bad Homburg 1927"]

1. Nf3 f5 2. g3 Nf6 3. Bg2 g6 4. b4 Bg7 5. Bb2 d6 6. d4 O-O 7. O-O Qe8 8. c4 Nc6 9. b5 Nd8 10. Qb3 Kh8 11. a4 a5 12. Nbd2 Nf7 13. c5 dxc5 14. dxc5 e5 15. Rac1 Be6 16. Qc2 e4 17. Nd4 Bd5 18. Nc4 h5 19. Rfd1 c6 20. Nb6 Rd8 21. Bc3 Ne5 22. Bxa5 Bg8 23. bxc6 bxc6 24. Nb3 Qe7 25. Bd2 Nfg4 26. Bb4 Rde8 27. h3 Nf6 28. Bd2 h4 29. Bg5 hxg3 30. fxg3 Qf7 31. Nd2 Nh7 32. Be3 g5 33. Ndc4 f4 34. Nd6 Qh5 35. Nxe8 Qxe8 36. Bd4 f3 37. Bf1 Qf7 38. Qxe4 f2+ 39. Kh2 Re8 40. Qg2 Qh5 41. g4 Qh4 42. Qg3 Qh6 43. Kg2 Nf8 44. Bxf2 Nfg6 45. Kg1 Nf4 46. Rd6 Qh7 47. Rcd1 Nf7 48. R6d2 Qe4 49. Qf3 Qe6 50. e3 Ne5 51. Qg3 Nfg6 52. Qg2 Rf8 53. Be2 Qe7 54. Nd7 Ra8 55. Nxe5 Nxe5 56. Rd4 Qxc5 57. e4 Qe7 58. Bg3 c5 59. Rd5 Rxa4 60. Rd8 Rd4 61. R8xd4 cxd4 62. Bf2 Nc6 63. Qf3 Bh7 64. Bd3 Ne5 65. Qe2 Ng6 66. Bg3 Be5 67. Bxe5+ Nxe5 68. Qf2 Nxd3 69. Rxd3 Qxe4 70. Qxd4+ Qxd4+ 71. Rxd4 Kg7 72. Kf2 Kf6 73. Ke3 Bb1 74. Ra4 Bc2 75. Ra6+ Kf7 76. Kd4 Bb1 77. Ke5 Bd3 78. Rb6 Bc2 79. Kd6 Be4 80. Ra6 Bd3 81. Ra2 Bb1 82. Rf2+ Kg7 83. Ke6 Bd3 84. Ke7 Be4 85. Rf7+ Kg6 86. Rf6+ Kg7 87. Rb6 Bd3 88. Ke6 Bc2 89. Ke5 Bd3 90. Kd4 Bc2 91. Ke3 Kf7 92. Rb2 Bg6 93. Rb5 Kf6 94. Rb6+ Kf7 95. Kf3 Bc2 96. Kg3 Bd3 97. h4 gxh4+ 98. Kxh4 Kg7 99. Kg5 Be4 100. Ra6 Bd5 101. Ra7+ Kh8 102. Kh6 Be6 103. Ra8+ Bg8 104. Rxg8+ Kxg8 105. Kg6 Kh8 106. Kf6 Kh7 107. g5 Kg8 108. Kg6 Kh8 109. Kf7 Kh7 110. g6+ 1-0

[Event "XXVII. Rhein-Main-Open, Gruppe A"]
[Site "Bad Homburg vor der Höhe"]
[Date "2025.06.21"]
[Round "6.12"]
[White "Lenz, Jonas"]
[Black "Sreeramulu, Aarush"]
[Result "1/2-1/2"]
[WhiteElo "2135"]
[BlackElo "2032"]
[PlyCount "44"]
[GameId "535116227260"]
[EventDate "2025.06.18"]
[WhiteTeam "SK Bad Homburg 1927"]
[BlackTeam "SK Marburg 1931/72"]

1. d4 d5 2. c4 c6 3. Nf3 Nf6 4. Nbd2 a6 5. g3 Bf5 6. Bg2 e6 7. Nh4 Bg4 8. h3 Bh5 9. Nhf3 Nbd7 10. O-O Bd6 11. Re1 O-O 12. e4 dxe4 13. Nxe4 Nxe4 14. Rxe4 c5 15. Re1 Nf6 16. dxc5 Bxc5 17. Qxd8 Raxd8 18. a3 Rd3 19. g4 Bg6 20. b4 Bd6 21. Be3 Bc7 22. Bc5 Rfd8 1/2-1/2

[Event "XXVII. Rhein-Main-Open, Gruppe A"]
[Site "Bad Homburg vor der Höhe"]
[Date "2025.06.21"]
[Round "6.13"]
[White "Seidel, Andre"]
[Black "Henrich, Thomas"]
[Result "0-1"]
[WhiteElo "2136"]
[BlackElo "2083"]
[PlyCount "116"]
[GameId "535116227261"]
[EventDate "2025.06.18"]
[WhiteTeam "SV Oberursel"]
[BlackTeam "SK Marburg 1931/72"]

1. d4 c5 2. c3 e6 3. Nf3 Nf6 4. e3 d5 5. Bd3 Nc6 6. Nbd2 Be7 7. dxc5 Bxc5 8. O-O O-O 9. e4 e5 10. b4 Bb6 11. b5 Ne7 12. a4 Ng6 13. Ba3 Re8 14. c4 Nf4 15. Bc2 d4 16. c5 Ba5 17. Nc4 Bc3 18. Nd6 Bxa1 19. Nxe8 Qxe8 20. Qxa1 Bg4 21. Nd2 Be2 22. Re1 Qd7 23. h3 N6h5 24. Bd1 Bxd1 25. Qxd1 Re8 26. Qg4 Qe7 27. Nc4 Nf6 28. Qf3 Qe6 29. Nd6 Re7 30. Nf5 Rd7 31. Bc1 Ng6 32. Qa3 Nxe4 33. Nxg7 Kxg7 34. Rxe4 Qd5 35. Rg4 Rc7 36. b6 axb6 37. cxb6 Rc3 38. Qb2 Qc4 39. Bg5 h5 40. Rg3 f6 41. Bd2 Rxg3 42. fxg3 Qxa4 43. Qc1 Qd7 44. Qd1 e4 45. Bc3 d3 46. Bd2 Qd4+ 47. Kh2 e3 48. Qg1 exd2 49. Qxd4 d1=Q 50. Qd7+ Kh6 51. Qxb7 Qe2 52. Qa6 Ne5 53. Qa8 Kg7 54. Qb7+ Nf7 55. Qc7 d2 56. b7 d1=Q 57. b8=Q Qee1 58. g4 Qg1+ 0-1

[Event "XXVII. Rhein-Main-Open, Gruppe A"]
[Site "Bad Homburg vor der Höhe"]
[Date "2025.06.21"]
[Round "6.14"]
[White "Calvi, Stefan"]
[Black "Rubsamen, Cornelius"]
[Result "0-1"]
[WhiteElo "1968"]
[BlackElo "2181"]
[PlyCount "28"]
[GameId "535116227262"]
[EventDate "2025.06.18"]
[WhiteTeam "SV Oberursel"]
[BlackTeam "Königsspringer Karben"]

1. e4 e6 2. d3 d5 3. Qe2 Nc6 4. Nf3 e5 5. c3 Nf6 6. g3 dxe4 7. dxe4 a5 8. a4 Bc5 9. Bg2 b6 10. Nbd2 Ba6 11. Nc4 O-O 12. O-O Ne8 13. Rd1 Nd6 14. Nfd2 Nxc4 0-1

[Event "XXVII. Rhein-Main-Open, Gruppe A"]
[Site "Bad Homburg vor der Höhe"]
[Date "2025.06.21"]
[Round "6.15"]
[White "Derr, Oleg"]
[Black "Pradeep, Harshill"]
[Result "1/2-1/2"]
[WhiteElo "2103"]
[BlackElo "1936"]
[PlyCount "39"]
[GameId "535116227263"]
[EventDate "2025.06.18"]
[WhiteTeam "VSG 1880 Offenbach"]
[BlackTeam "SK Bickenbach"]

1. e4 e5 2. Nf3 Nc6 3. Bc4 Nf6 4. d3 h6 5. a4 d6 6. a5 g6 7. a6 b6 8. c3 Bg7 9. O-O O-O 10. h3 Qe8 11. Re1 Na5 12. Bd5 c6 13. Ba2 c5 14. b4 Nc6 15. b5 Nd8 16. Bc4 Ne6 17. Qb3 Nh5 18. g3 Kh7 19. Nbd2 Nc7 20. Kg2 1/2-1/2

[Event "XXVII. Rhein-Main-Open, Gruppe A"]
[Site "Bad Homburg vor der Höhe"]
[Date "2025.06.21"]
[Round "6.17"]
[White "Gold, Jan Christian"]
[Black "Ploder, Udo"]
[Result "1/2-1/2"]
[WhiteElo "1997"]
[BlackElo "1884"]
[PlyCount "91"]
[GameId "535116227265"]
[EventDate "2025.06.18"]
[WhiteTeam "SK Bad Homburg 1927"]
[BlackTeam "SF Braunfels"]

1. Nf3 Nf6 2. g3 d5 3. Bg2 c5 4. O-O g6 5. d4 cxd4 6. b3 Bg7 7. Bb2 O-O 8. Nbd2 Nc6 9. Nxd4 Nxd4 10. Bxd4 Bd7 11. Qc1 Bc6 12. Qb2 Ne8 13. Bxg7 Nxg7 14. Rfd1 Rc8 15. Rac1 Qe8 16. Nf3 f6 17. Nd4 e5 18. Nxc6 bxc6 19. e3 Ne6 20. Bh3 Rd8 21. b4 Ng5 22. Bg2 e4 23. Qd4 Rf7 24. c4 Qe6 25. h4 Nf3+ 26. Bxf3 exf3 27. Qf4 g5 28. hxg5 Qh3 29. Qxf3 fxg5 30. Qg2 Qe6 31. cxd5 cxd5 32. Rc5 Rdf8 33. Rcxd5 h6 34. R1d2 Kg7 35. R5d4 h5 36. Rd5 Qg6 37. b5 g4 38. a4 Rf3 39. Qf1 Rxg3+ 40. fxg3 Rxf1+ 41. Kxf1 Qe4 42. Rd7+ Kg8 43. Rxa7 Qf3+ 44. Rf2 Qxg3 45. Ke2 Qe5 46. Raf7 1/2-1/2

[Event "XXVII. Rhein-Main-Open, Gruppe A"]
[Site "Bad Homburg vor der Höhe"]
[Date "2025.06.21"]
[Round "6.19"]
[White "McAdam, Mark"]
[Black "Dornblüth, Christian"]
[Result "1-0"]
[WhiteElo "2008"]
[BlackElo "1945"]
[PlyCount "107"]
[GameId "535116227267"]
[EventDate "2025.06.18"]
[WhiteTeam "SC Brett vorm Kopp Ffm"]
[BlackTeam "SF Heidelberg"]

1. d4 Nf6 2. c4 e6 3. Nf3 b6 4. g3 Bb7 5. Bg2 Be7 6. O-O O-O 7. b3 d6 8. Bb2 Nbd7 9. Nbd2 Ne4 10. Qc2 f5 11. d5 Nxd2 12. Qxd2 e5 13. Ne1 a5 14. a3 Bf6 15. Nd3 g5 16. e4 f4 17. Bh3 Qe7 18. b4 Rfb8 19. Rfc1 Nf8 20. Bf5 Bc8 21. Bxc8 Rxc8 22. g4 Ng6 23. f3 Kf7 24. c5 Qd7 25. Rc2 axb4 26. axb4 Rxa1+ 27. Bxa1 Ra8 28. Qc1 bxc5 29. bxc5 Qb5 30. Rc3 Nh4 31. Kf2 Ra2+ 32. Bb2 Be7 33. Qc2 Ra7 34. Qb3 Qxb3 35. Rxb3 Ng6 36. c6 Bd8 37. Ra3 Rxa3 38. Bxa3 Ne7 39. Bb4 Ng8 40. Nb2 Nf6 41. h3 Ne8 42. Nc4 Bf6 43. Na5 Ke7 44. Nb7 Kf7 45. Ba5 Be7 46. Ke2 Bf6 47. Kd3 Be7 48. Kc4 Bf6 49. Kb5 Be7 50. Ka6 Kf8 51. Ka7 Nf6 52. Kb8 Nxe4 53. fxe4 f3 54. Be1 1-0

[Event "XXVII. Rhein-Main-Open, Gruppe A"]
[Site "Bad Homburg vor der Höhe"]
[Date "2025.06.21"]
[Round "6.20"]
[White "Steigleder, Maximilian"]
[Black "Gao, Chenzhuo"]
[Result "0-1"]
[WhiteElo "1930"]
[BlackElo "1707"]
[PlyCount "160"]
[GameId "535116227268"]
[EventDate "2025.06.18"]
[WhiteTeam "Sfr.1932 Kelkheim"]
[BlackTeam "SC Rotenburg"]

1. e4 c6 2. c4 d5 3. exd5 cxd5 4. cxd5 Nf6 5. Qa4+ Nbd7 6. Nc3 g6 7. Qb3 Bg7 8. Bc4 O-O 9. Nf3 Nb6 10. d3 Nbd7 11. O-O b6 12. d4 Bb7 13. Re1 Rc8 14. Nb5 a6 15. Na7 Ra8 16. Nc6 Bxc6 17. dxc6 Nb8 18. Bxf7+ Rxf7 19. c7 Qxc7 20. Ng5 e6 21. Qxe6 h6 22. Bf4 Qd7 23. Nxf7 Qxf7 24. Qxb6 Nbd7 25. Qe6 Nd5 26. Bg3 N7b6 27. Qxf7+ Kxf7 28. Be5 Bf8 29. Rac1 Bb4 30. Re2 Ra7 31. Rc6 Be7 32. a3 a5 33. Rec2 Bd8 34. R2c5 Ne7 35. Rf6+ Ke8 36. Rf3 Nbd5 37. Rb5 Kd7 38. g4 a4 39. Rh3 Bb6 40. Rxh6 Kc6 41. Rxb6+ Nxb6 42. h4 Kb5 43. f4 Nbd5 44. h5 gxh5 45. Rxh5 Ra8 46. f5 Kc4 47. f6 Ng6 48. Rh6 Nh8 49. Rh7 Rf8 50. g5 Rg8 51. Kf2 Ng6 52. Bd6 Rd8 53. Rg7 Rxd6 54. Rxg6 Rd8 55. f7 Rf8 56. Rg7 Kxd4 57. g6 Ne7 58. Ke2 Kc4 59. Kf3 Kd5 60. Kg4 Ke6 61. Kg5 Rd8 62. Kh5 Kf6 63. Rh7 Nxg6 64. f8=Q+ Nxf8 65. Rb7 Ne6 66. Kg4 Rd3 67. Rb4 Rd4+ 68. Rxd4 Nxd4 69. Kf4 Ke6 70. Ke4 Nb3 71. Kd3 Kd5 72. Kc3 Kc5 73. Kd3 Nd4 74. Kc3 Nb5+ 75. Kd3 Kd5 76. Kd2 Kc4 77. Kc2 Nd4+ 78. Kd2 Kb3 79. Kc1 Nb5 80. Kb1 Nd6 0-1

[Event "XXVII. Rhein-Main-Open, Gruppe A"]
[Site "Bad Homburg vor der Höhe"]
[Date "2025.06.21"]
[Round "6.21"]
[White "Martin, Reiner"]
[Black "Novak, Volker"]
[Result "0-1"]
[WhiteElo "1969"]
[BlackElo "2096"]
[PlyCount "120"]
[GameId "535116227269"]
[EventDate "2025.06.18"]
[WhiteTeam "SC Bad Soden"]
[BlackTeam "SK Bad Homburg 1927"]

1. d4 Nf6 2. c4 c6 3. Nc3 d6 4. e4 e5 5. d5 Be7 6. Bd3 O-O 7. Nge2 a6 8. a4 a5 9. O-O Na6 10. Ng3 Ne8 11. Ra3 Bd7 12. Kh1 g6 13. Be3 Bg5 14. Qd2 Bxe3 15. Qxe3 Qh4 16. f4 Nf6 17. fxe5 Ng4 18. Qg1 Nxe5 19. Be2 Nc5 20. Raa1 Nb3 21. Rad1 c5 22. Nb5 Bxb5 23. cxb5 b6 24. Qe3 Nd4 25. Rf4 Qe7 26. Rdf1 Rae8 27. Qf2 Kg7 28. Bg4 Qg5 29. Be2 Qe7 30. Rf6 Nd7 31. Rf4 Ne5 32. Rf6 Nxe2 33. Qxe2 Qxf6 34. Rxf6 Kxf6 35. Qe3 h5 36. h4 Ke7 37. Kg1 Kd7 38. Qg5 Re7 39. Qf6 Rfe8 40. Qf4 Rc8 41. Qe3 Ng4 42. Qd2 c4 43. Qd4 Rc5 44. Qc3 Kc7 45. Qh8 Ne5 46. Qa8 Nd7 47. Qa7+ Kd8 48. Kf2 Re8 49. Kf3 Rc7 50. Qa6 Ke7 51. Ne2 Rb8 52. Nd4 Nc5 53. Nc6+ Rxc6 54. Qa7+ Rb7 55. Qxb7+ Nxb7 56. bxc6 Nc5 57. Ke3 Nxa4 58. Kd4 Nxb2 59. Kc3 Nd1+ 60. Kxc4 Kd8 0-1

[Event "XXVII. Rhein-Main-Open, Gruppe A"]
[Site "Bad Homburg vor der Höhe"]
[Date "2025.06.21"]
[Round "6.22"]
[White "von Wahden, Jens"]
[Black "Kuhn, Gerhard"]
[Result "1/2-1/2"]
[WhiteElo "1952"]
[BlackElo "2033"]
[PlyCount "97"]
[GameId "535116227270"]
[EventDate "2025.06.18"]
[WhiteTeam "SV Oberursel"]
[BlackTeam "SK Marburg 1931/72"]

1. d4 Nf6 2. c4 g6 3. Nc3 d5 4. Bf4 Bg7 5. e3 c5 6. dxc5 Qa5 7. Rc1 dxc4 8. Bxc4 O-O 9. Nf3 Qxc5 10. Bb3 Nc6 11. O-O Rd8 12. Nd5 Qb5 13. a4 Qxd5 14. Bxd5 Nxd5 15. Qb3 Ndb4 16. Ng5 Rf8 17. Rfd1 h6 18. Ne4 Be6 19. Qa3 Rad8 20. Nc5 Nc2 21. Nxe6 Nxa3 22. Nxd8 Nxd8 23. bxa3 Nc6 24. e4 g5 25. Be3 Rb8 26. Rb1 Be5 27. g3 Bd6 28. f4 f6 29. Rd3 Kf7 30. Kf2 Ke8 31. Rdb3 b6 32. h4 Na5 33. Rc3 gxh4 34. gxh4 Nb7 35. Kf3 Kf7 36. Rg1 h5 37. Rg2 Rd8 38. Rd3 Rc8 39. f5 Rc4 40. Rg6 Rxa4 41. Rh6 Rxa3 42. Rxa3 Bxa3 43. Rxh5 Kg7 44. Rh6 Bd6 45. Rg6+ Kh7 46. h5 Bc5 47. Rh6+ Kg7 48. Rg6+ Kh7 49. Rh6+ 1/2-1/2

[Event "XXVII. Rhein-Main-Open, Gruppe A"]
[Site "Bad Homburg vor der Höhe"]
[Date "2025.06.21"]
[Round "6.23"]
[White "Krychevskiy, Dmytro"]
[Black "Giel, Olaf"]
[Result "0-1"]
[WhiteElo "1942"]
[BlackElo "2106"]
[PlyCount "78"]
[GameId "535116227271"]
[EventDate "2025.06.18"]
[WhiteTeam "SV Oberursel"]
[BlackTeam "SF Bremer Osten Bürgerhaus Mahnd"]

1. e4 c5 2. Nf3 d6 3. c3 Qa5 4. Bd3 Nf6 5. h3 Nc6 6. O-O Be6 7. Bc2 c4 8. Qe2 Qh5 9. Qe3 h6 10. Nd4 g5 11. Bd1 g4 12. f4 gxf3 13. Bxf3 Qh4 14. Nxe6 fxe6 15. Qf2 Qxf2+ 16. Rxf2 Ne5 17. Na3 a6 18. d4 cxd3 19. Bf4 Nfd7 20. Bh5+ Kd8 21. Rd1 Bg7 22. Nb1 Kc7 23. Nd2 Rhf8 24. g3 Nc5 25. Kg2 b5 26. Rdf1 Nc4 27. Nxc4 bxc4 28. Bf3 Rab8 29. Be3 Na4 30. Bc1 Be5 31. Bg4 Rxf2+ 32. Rxf2 Nc5 33. Bf3 Rg8 34. g4 h5 35. Be3 hxg4 36. hxg4 Nxe4 37. Rf1 Nf6 38. g5 Nh7 39. Rg1 Nxg5 0-1